Survivor Immunity Challenge Beasts - Statistics

General Stats
  • This quiz has been taken 81 times
    55 since last reset
  • The average score is 42 of 49
Answer Stats
Hint Immunity Wins Name % Correct
Cook Islands / Micronesia / South Pacific / Game Changers 7 Ozzy Lusth
100%
Marquesas / All Stars / Heroes vs. Villains / Redemption Island / Winners at War 8 Rob Mariano
100%
Cagayan / Cambodia 6 Spencer Bledsoe
100%
Cagayan / Game Changers / Winners at War 4 Tony Vlachos
98%
Gabon 3 Bob Crowley
95%
The Australian Outback / All Stars / Heroes vs. Villains 5 Colby Donaldson
95%
San Juan del Sur / Cambodia / Winners at War 3 Jeremy Collins
95%
Tocantins / Heroes vs. Villains / Game Changers 3 JT Thomas
95%
Borneo / Cambodia 4 Kelly Wiglesworth
95%
Samoa / Heroes vs. Villains / Redemption Island 3 Russell Hantz
95%
China / Micronesia / Heroes vs. Villains 4 Amanda Kimmel
93%
Blood vs. Water / Game Changers 5 Brad Culpepper
93%
Vanuatu 3 Chris Daugherty
93%
Philippines / Winners at War 3 Denise Stapley
93%
Nicaragua 4 Jud "Fabio" Birza
93%
One World / Winners at War 5 Kim Spradlin
93%
Cook Islands / Micronesia / Heroes vs. Villains / Winners at War 4 Parvati Shallow
93%
South Pacific / Winners at War 3 Sophie Clarke
93%
Cagayan / Cambodia 3 Tasha Fox
93%
Palau / Heroes vs. Villains 5 Tom Westman
93%
Tocantins / Heroes vs. Villains / Blood vs. Water / Winners at War 4 Tyson Apostol
93%
Worlds Apart 5 Mike Holloway
91%
David vs. Goliath / Winners at War 4 Nick Willson
91%
Thailand 3 Brian Heidick
89%
Survivor 45 3 Dee Valladares
89%
Micronesia / Caramoan 4 Erik Reichenbach
89%
Worlds Apart / Cambodia / Edge of Extinction 6 Joe Anglim
89%
South Pacific / Caramoan 3 John Cochran
89%
Kaoh Rong / Winners at War 4 Michele Fitzgerald
89%
Redemption Island / Caramoan / Game Changers 4 Andrea Boehlke
86%
The Amazon / All Stars 4 Jenna Morasca
86%
Panama / Cambodia 5 Terry Deitz
86%
One World / Game Changers 3 Troyzan Robertson
86%
Africa / All Stars 3 Lex van den Berghe
84%
Edge of Extinction 4 Rick Devens
84%
San Juan del Sur / Cambodia 4 Keith Nale
82%
Millennials vs. Gen X 4 Ken McNickle
82%
One World / Blood vs. Water 3 Monica Culpepper
82%
Ghost Island 3 Domenick Abbate
80%
Survivor 45 3 Austin Le Coon
77%
Marquesas / All Stars 3 Kathy Maverick-O'Brien
77%
Survivor 46 3 Maria Shrime Gonzalez
77%
Heroes vs. Healers vs. Hustlers 4 Christine "Chrissy" Hofbeck
73%
Pearl Islands 3 Darrah Johnson
70%
Guatemala 3 Rafe Judkins
70%
Samoa 3 Brett Clouser
68%
Survivor 43 3 Cassidy Clark
66%
Survivor 43 3 Owen Knight
64%
Fiji 3 Kenward "Boo" Bernis
57%
No matching quizzes found
Score Distribution
Percent of People with Each Score
Percentile by Number Answered
Your Score History
You have not taken this quiz since the last reset